000 00284nam a2200109Ia 4500
008 190216s9999||||xx |||||||||||||| ||und||
100 _aEmsley H H&Amp; Loxham J
245 0 _aFactory Costing And Organisation
260 _bConstable And Company Ltd
_c1948
300 _a266p
942 _cBK
999 _c4456
_d4456